| 000 | 00514nam a2200181 a 4500 | ||
|---|---|---|---|
| 001 | 162 | ||
| 003 | CDMR | ||
| 005 | 20131016110822.0 | ||
| 008 | 130130s1975||||||||||||||||||||||||||||d | ||
| 020 | _a843090574X | ||
| 040 |
_aCDMR _bcat _cCDMR |
||
| 100 | 1 |
_aCastro, Concepción de _9130 |
|
| 245 | 1 | 0 |
_aAndrés Borrego _b: romanticismo, periodismo y política _cConcepción de Castro |
| 260 |
_aMadrid _c1975 _bTecnos |
||
| 490 | 0 | _aSemblanzas | |
| 600 | 1 |
_93044 _aBorrego, Andrés _d1802-1891 _vBiografia |
|
| 942 |
_cMON _2udc |
||
| 999 |
_c162 _d162 |
||